000 00542nam a2200157 a 4500
001 000038653
005 20201002031326.0
008 130417s19uu sp 000 0 spa d
040 _aDO-SdBNP
_bspa
_cBNPHU
100 1 _aTarde, G.
_964983
245 1 4 _aLas transformaciones del derecho /
_cG. Tarde ; traducción y prólogo Adolfo Posada.
260 _aMadrid :
_bBiblioteca de Jurisprudencia, Filosofía e Historia,
_c[19-?].
300 _a325 p. ;
_c24 cm.
500 _aIncluye notas al pie de las páginas
700 1 _aPosada, Adolfo,
_92134
999 _c38143
_d38143